000 00907nam a2200253Ia 4500
003 OSt
005 20221005110434.0
006 a|||||r|||| 00| 0
007 ta
008 221004b |||||||| |||| 00| 0 hin d
020 _a9788170168591 (hbk)
_c500
024 _a105654
037 _b12952, 18/03/2011, Kitab Ghar
_cTextual
040 _aCRL
_cCRL
_bhin
041 _2hin
_ahin
082 _aO152,8x, P8
100 _aअग्रवाल, विजय, संपा.
245 0 _aबीसवीं सदी के चर्चित व्यंग्य
246 _aBīsavīan sadī ke charchit vyangya
260 _aनई दिल्ली
_bकिताबघर भारत
_c2008
300 _a448पृ0
_ccm.
942 _hO152,8x, P8
_cTEXL
_2cc
999 _c1018815
_d1018815